000 00849nam a22002177a 4500
999 _c193865
_d193865
005 20230127120033.0
010 _aB-746597-599 E.N.A./7.11.22
020 _a9789352837304
_c535.00
035 _aB-746597-599
037 _bAakar
082 _a547
100 _aBahl, Arun
245 _aA Textbook of Organic Chemistry for BSc Student /
_cArun Bahl and B.S. Bahl
250 _a22nd
260 _aNew Delhi
_bS.Chand and Company Limited
_c2022
270 _aBlock, B-1, house no.D-1, Ground Floor, Mohan co-operative industrial Estates
_bNew Delhi
_e110044
300 _a1108p
_c24cm (pbk)
700 _aBahl, B.S.
942 _2ddc
_cEN
_mBAH
_h547